10 Most Populated Cities/Towns in New Hampshire - Statistics

General Stats
  • This quiz has been taken 32 times
  • The average score is 6 of 10
Answer Stats
Population Answer % Correct
42,620 Concord
100%
110,229 Manchester
100%
87,970 Nashua
80%
23,265 Keene
60%
30,038 Rochester
56%
34,539 Derry
52%
30,880 Dover
44%
26,726 Merrimack
44%
29,549 Salem
36%
42,605 East Concord
0%
No matching quizzes found
Score Distribution
Percent of People with Each Score
Percentile by Number Answered
Your Score History
You have not taken this quiz